Países más cercanos a Montenegro - Estadísticas

Estadísticas generales
  • Esta prueba ha sido intentada 57 veces
  • La puntuación promedio es 19 de 20
Estadísticas de respuestas
km país % Correcto
0 Croacia
98%
178 Grecia
98%
176 Italia
98%
0 Serbia
98%
0 Albania
96%
416 Austria
96%
467 Eslovaquia
96%
358 Eslovenia
96%
247 Hungría
96%
0 Kosovo
96%
0 Bosnia y Herzegovina
94%
88 Macedonia del Norte
94%
507 Turquía
94%
568 Ucrania
92%
175 Bulgaria
91%
223 Rumania
91%
585 Chequia
89%
497 Ciudad del Vaticano
83%
495 San Marino
81%
631 Polonia
79%
No se encontraron pruebas coincidentes
Distribución de puntuación
Porcentaje de gente con cada puntuación
Porcentaje por número respondido
Historial de tus puntuaciones
No has intentado esta prueba.